History Quiz

Random History or War Quiz
Score 0/13 Timer 05:00
0 Plays Today
% Correct
Second World War
98.9%
Korean War
86.1%
First World War
83.5%
Vietnam War
78.1%
Soviet War in Afghanistan
77.7%
Crimean War
77.3%
Spanish Civil War
77.2%
Russian Civil War
76.6%
Russo-Japanese War
71.3%
Napoleonic Wars
68.5%
Russo-Georgian War
63.5%
Chechen Wars
55.2%
Great Northern War
38.4%

You're not logged in!

Compare scores with friends on all Sporcle quizzes.
OR
Log In

Sporcle TV

Today on Sporcle TV


Watch our educational content, quiz creation guides, and fun videos on Sporcle TV.

Show Comments

Extras

Top Quizzes Today


Score Distribution

Paid Content

Your Account Isn't Verified!

In order to create a playlist on Sporcle, you need to verify the email address you used during registration. Go to your Sporcle Settings to finish the process.

Report this User

Report this user for behavior that violates our Community Guidelines.

Details: